| 000 | 00561nam a2200193 a 4500 | ||
|---|---|---|---|
| 003 | SISC | ||
| 005 | 20170308133835.0 | ||
| 008 | 111119s19uu xx 00 eng d | ||
| 020 | _a9780273745723 | ||
| 050 |
_aHF 55484.M575 _b.B353 2011 |
||
| 100 | _aBallew, Joli. | ||
| 245 |
_aBrilliant office 2010 for the over 50s / _cJoli Ballew. |
||
| 260 |
_aEngland : _bPearson, _c2011. |
||
| 300 |
_a279 pages : _bcolor illustrations ; _c26 cm. |
||
| 650 | _aMicrosoft office. | ||
| 650 |
_aBusiness _xComputer programs. |
||
| 942 |
_cBK _2lcc _kFOR |
||
| 999 |
_c25050 _d25050 |
||